Komunitné centrum Trakovice

Salvato in:
Dettagli Bibliografici
Autore principale: Puterová, Ivana (Autore)
Altri autori: Šmiralová, Monika (Relatore della tesi)
Natura: Manoscritto Libro
Lingua:slovacco
Pubblicazione: 2025
Soggetti:
Accesso online:http://is.stuba.sk/zp/portal_zp.pl?podrobnosti=192907
CRZP
Tags: Aggiungi Tag
Nessun Tag, puoi essere il primo ad aggiungerne!!

MARC

LEADER 00000ntm a22000003a 4500
001 stuzp103865
003 SK-STU
005 20250729144024.4
007 ta
008 150427s2015----xo-----f-mn---000-0-slo-d
040 |a STU  |b slo 
041 0 |a slo 
100 1 |a Puterová, Ivana  |u 010310  |4 aut  |U SvF Stavebná fakulta  |T SvF Katedra architektúry  |X 81011  |U V181|V310  |Y 19  |7 81011 
242 0 1 |a Community centre Trakovice  |y eng 
245 1 0 |a Komunitné centrum Trakovice 
260 |c 2025 
650 4 |a reconstruction  |2 eng 
650 4 |a municipality  |2 eng 
650 4 |a administrative center  |2 eng 
650 4 |a library  |2 eng 
650 4 |a rekonštrukcia  |2 slo 
650 4 |a obec  |2 slo 
650 4 |a administratívne centrum  |2 slo 
650 4 |a knižnica  |2 slo 
700 1 |a Šmiralová, Monika  |u 010310  |k Z1  |4 ths  |U SvF Stavebná fakulta  |T SvF Katedra architektúry  |X 5225  |U V181|V310  |Y 19  |7 A000005225 
856 4 |u http://is.stuba.sk/zp/portal_zp.pl?podrobnosti=192907 
856 4 |u https://opac.crzp.sk/?fn=detailBiblioForm&sid=226A7A544DA3649F6D553EE9F6D0  |z CRZP